00409nam a2200109Ia 4500008004100000020001800041245010200059260003800161650002200199650002900221856004900250171212s9999 xx 000 0 und d a9781442637498 ceditor Kellow, Geoffrey;Leddy, NevenaOn Civic RepublicanismbAncient Lessons for Global Politics bUniversity of Toronto Pressc2016 aPolitical Science aRepublicanism -- History uhttp://jstor.org/stable/10.3138/j.ctt1kk65xt